000 00973cad a22002535a 4500
001 L153153
008 110615s20110614xxkd f s 000 0 eng d
022 1 _a1465-1076
035 _a(Sirsi) u153153
041 0 _aeng
050 0 4 _a333.33 $2 18
110 2 _aRoyal Institution of Chartered Surveyors
_94900
245 0 0 _aRICS housing market survey United Kingdom
_bMay 2011
_h[electronic resource]
260 _aLondon
_bRICS
_c2011
490 _aRICS Housing Market Survey United Kingdom
_vMay 2011
520 _aNational price balance deteriorates. Demand remains flat. London continues to buck national trend.
521 _aAdvanced
590 _aKA
650 2 4 _aRICS HOUSING MARKET SURVEY UNITED KINGDOM
651 4 _aUnited Kingdom
_y
690 _aPROPERTY-RESIDENTIAL PROPERTY-RESIDENTIAL PROPERTY MARKET
856 4 0 _uhttps://www.rics.org/site/download_feed.aspx?fileID=9811&fileExtension=PDF
_zView the item free of charge at www.rics.org
942 _n0
999 _c112400
_d112400